000
00305nam a2200121Ia 4500
005
20251222153612.0
008
251222s9999||||xx |||||||||||||| ||spa||
082
_a
348.6/P72
245
0
_a
Jurisprudencia Sistematizada:
250
_a
1ra. ed.
264
_b
Fondo Editorial del Poder Judicial
942
_c
LIB
999
_c
31636
_d
31636